00309 a2200097 4500001001000000005001700010008004100027245003600068100002400104773008300128ART_4482420260410162005.0260409a 10aCompetitividad y medio ambiente1 aRomo Murillo, David0 tRevista de economía y estadísticag- Vol. XLV, Nº 1 (oct. 2007)wREV34359